01683 2200433 4500001002100000005001500021035002000036007000300056008004100059020002200100082001500122084001700137100004100154245031400195250003400509300005100543650002300594700003100617700002900648700003300677700004100710700003200751700003100783700003100814700003000845700003800875700004000913264002900953336002100982337003001003338002301033040002201056090002201078850001201100999002201112500007301134990002201207990002001229INLIS00000000087963120230703092010 a0010-0723000002ta230529s2021 yoia g 0 ind d a978-623-316-744-404223a379.19 a379.19 ARD m0 aArdhika Falaahudind1988-ePengarang10aMenapak jejak di bumi Karanglo :blaporan pengabdian masyarakat KKN-PPM UMBY 2021 /cArdhika Falaahudin, Bary Mustaqim, Dyan Elsiningtyas, Wahyuda Agustian Siregar, Bobby Boas Barus, Tiara Chamellia, Amirul Mukminin, Mariance Ibori, Bhenie Dwie Rahmawatie, Fauyan Khusnul Primasari; penyunting, Luky Kurniawan aCetakan Pertama: Agustus 2021 avi, 74 halaman :bfoto, tabel, gambar ;c20 cm 4aKuliah kerja nyata0 aLuky KurniawanePenyunting0 aBary MustaqimePengarang0 aDyan ElsiningtyasePengarang3 aSiregar, Wahyuda AgustianePengarang0 aBobby Boas BarusePengarang0 aTiara ChamelliaePengarang0 aAmirul MukmininePengarang0 aMariance IboriePengarang0 aBhenie Dwie RahmawatieePengarang0 aFauyan Khusnul PrimasariePengarang31aBantul :bK-Media,c2021 2rdacontentateks 2rdamediaatanpa perantara 2rdacarrieravolume aYOPDYOGbinderda aCB-D.11 2021-1895 aYOPDYOG aCB-D.11/2021-1895 aditerbitkan atas kerjasama dengan Universitas Mercu Buana Yogyakarta aCB-D.11/2021-1895 a74196-PD/A.2026